[Event "CZE-chT2 0102"]
[Site "Czech Republic"]
[Date "2002.02.17"]
[Round "9.5"]
[White "Drbohlav, Frantisek"]
[Black "Kansky, Pavel"]
[Result "0-1"]
[WhiteElo "2234"]
[BlackElo "2153"]
[PlyCount "80"]
[EventDate "2001.10.??"]
[EventType "team-tourn"]
[EventRounds "11"]
[EventCountry "CZE"]
[SourceTitle "EXT 2006"]
[Source "ChessBase"]
[SourceDate "2005.11.24"]
[SourceVersion "1"]
[SourceVersionDate "2005.11.24"]
[SourceQuality "1"]

1. e4 g6 2. d4 Bg7 3. Nc3 d6 4. f4 c6 5. Be3 Qb6 6. a3 e5 7. fxe5 dxe5 8. Na4 Qa5+ 9. c3 Nf6 10. Nc5 Ng4 11. Bg5 exd4 12. b4 Qc7 13. cxd4 Nxh2 14. e5 Nxf1 15. Kxf1 h6 16. Bf4 g5 17. Be3 Nd7 18. Ne4 Nxe5 19. dxe5 Qxe5 20. Nd6+ Kf8 21. Bc5 Qxa1 22. Nxc8+ Kg8 23. Qxa1 Bxa1 24. Nxa7 Bb2 25. Rh3 Kh7 26. Rb3 Be5 27. b5 Bb8 28. b6 Rd8 29. Ke2 Rd5 30. Rc3 Be5 31. Rc4 Re8 32. Kf3 f5 33. Ne2 Rd3+ 34. Kf2 Rd2 35. Kf1 Bb8 36. Nd4 Bg3 37. Rc1 Re4 38. Nf3 Rd5 39. Nc8 g4 40. Nd4 Rde5 0-1

[Event "CZE-chT 0001"]
[Site "Czech Republic"]
[Date "2001.02.25"]
[Round "7"]
[White "Cech, Pavel"]
[Black "Drbohlav, Frantisek"]
[Result "1/2-1/2"]
[WhiteElo "2330"]
[BlackElo "2266"]
[PlyCount "38"]
[EventDate "2000.11.19"]
[EventType "team-tourn"]
[EventRounds "11"]
[EventCountry "CZE"]
[SourceTitle "EXT 2019"]
[Source "ChessBase"]
[SourceDate "2018.10.10"]
[SourceVersion "1"]
[SourceVersionDate "2018.10.10"]
[SourceQuality "1"]
[WhiteTeam "Zlin"]
[BlackTeam "Kolin SK Sokol"]
[WhiteTeamCountry "CZE"]
[BlackTeamCountry "CZE"]

1. d4 Nf6 2. Bg5 c6 3. Bxf6 gxf6 4. e3 Qb6 5. Qc1 e5 6. Nf3 Rg8 7. c4 d6 8. Nc3 Na6 9. c5 dxc5 10. dxe5 fxe5 11. Nxe5 Be6 12. Nc4 Qc7 13. Qc2 0-0-0 14. a3 Bg7 15. Rd1 Rxd1+ 16. Kxd1 Qd7+ 17. Kc1 f5 18. Be2 Nc7 19. Na4 Qe7 1/2-1/2

[Event "CZE-chT 0001"]
[Site "Czech Republic"]
[Date "2000.12.17"]
[Round "3"]
[White "Drbohlav, Frantisek"]
[Black "Michalek, Jan"]
[Result "1/2-1/2"]
[WhiteElo "2267"]
[BlackElo "2323"]
[PlyCount "52"]
[EventDate "2000.11.19"]
[EventType "team-tourn"]
[EventRounds "11"]
[EventCountry "CZE"]
[SourceTitle "EXT 2019"]
[Source "ChessBase"]
[SourceDate "2018.10.10"]
[SourceVersion "1"]
[SourceVersionDate "2018.10.10"]
[SourceQuality "1"]
[WhiteTeam "Kolin SK Sokol"]
[BlackTeam "Plzen"]
[WhiteTeamCountry "CZE"]
[BlackTeamCountry "CZE"]

1. e4 e6 2. d3 c5 3. Nf3 Nc6 4. g3 g6 5. Bg2 Bg7 6. 0-0 Nge7 7. c3 d5 8. Qe2 b6 9. e5 a5 10. a4 Ba6 11. Na3 h6 12. h4 Nf5 13. Re1 Ra7 14. Bf4 Rd7 15. Qd2 Kf8 16. Nc2 Kg8 17. d4 Rc7 18. Rad1 Bf8 19. dxc5 bxc5 20. Ne3 Nxe3 21. Qxe3 Rb7 22. Nh2 h5 23. Bg5 Be7 24. Rd2 Qb6 25. Qf4 Qd8 26. Nf3 Bxg5 1/2-1/2

[Event "Pardubice KB op"]
[Site "Pardubice"]
[Date "2000.07.21"]
[Round "1"]
[White "Meduna, Eduard"]
[Black "Drbohlav, Frantisek"]
[Result "1-0"]
[WhiteElo "2482"]
[BlackElo "2267"]
[PlyCount "65"]
[EventDate "2000.07.21"]
[EventType "swiss"]
[EventRounds "9"]
[EventCountry "CZE"]
[SourceTitle "EXT 2001"]
[Source "ChessBase"]
[SourceDate "2000.11.22"]
[SourceVersion "1"]
[SourceVersionDate "2000.11.22"]
[SourceQuality "1"]

1. d4 Nf6 2. c4 c5 3. d5 b5 4. Qc2 Na6 5. a3 e6 6. e4 exd5 7. exd5 Qe7+ 8. Be2 bxc4 9. Nc3 Nc7 10. Bg5 h6 11. Bxf6 Qxf6 12. Nf3 d6 13. 0-0 Be7 14. Bxc4 0-0 15. Rfe1 Re8 16. Qa4 Bg4 17. Be2 Qg6 18. Ne5 dxe5 19. Bxg4 f5 20. Qd7 Qxg4 21. Qxc7 e4 22. d6 Qf4 23. Rad1 Rad8 24. Nb5 Bh4 25. g3 Qf3 26. Qxc5 f4 27. d7 Re7 28. Nd4 Qg4 29. Qf5 Qxf5 30. Nxf5 Rexd7 31. Rxd7 Rxd7 32. Nxh4 f3 33. Nf5 1-0

[Event "CZE-chT2a 0001"]
[Site "Czech Republic"]
[Date "2000.??.??"]
[Round "3"]
[White "Hausner, Ivan"]
[Black "Drbohlav, Frantisek"]
[Result "1-0"]
[WhiteElo "2410"]
[BlackElo "2265"]
[PlyCount "59"]
[EventDate "2000.??.??"]
[EventType "team-tourn"]
[EventRounds "11"]
[EventCountry "CZE"]
[SourceTitle "EXT 2003"]
[Source "ChessBase"]
[SourceDate "2002.11.25"]
[SourceVersion "1"]
[SourceVersionDate "2002.11.25"]
[SourceQuality "1"]

1. c4 c5 2. g3 g6 3. Bg2 Bg7 4. Nf3 Nc6 5. Nc3 a6 6. a3 Rb8 7. Rb1 b5 8. cxb5 axb5 9. b4 cxb4 10. axb4 d5 11. d4 Bg4 12. 0-0 e6 13. Bf4 Bxf3 14. Bxf3 Rb6 15. Be3 Qd6 16. Qd3 Nxb4 17. Qd2 Bf8 18. Rfc1 Qd7 19. Bf4 Na6 20. Qa2 b4 21. Qa5 Qb7 22. Nxd5 exd5 23. Bxd5 Qa7 24. Bc6+ Rxc6 25. Rxc6 Qxd4 26. Rc8+ Ke7 27. Qxa6 Nf6 28. Bg5 Bg7 29. Rc7+ Kf8 30. Qc8+ 1-0

[Event "CZE-chT 9899"]
[Site "Czech Republic"]
[Date "1999.03.14"]
[Round "9"]
[White "Drbohlav, Frantisek"]
[Black "Vorisek, Jaroslav"]
[Result "1/2-1/2"]
[WhiteElo "2230"]
[BlackElo "2211"]
[PlyCount "67"]
[EventDate "1998.10.31"]
[EventType "team-tourn"]
[EventRounds "11"]
[EventCountry "CZE"]
[SourceTitle "EXT 2019"]
[Source "ChessBase"]
[SourceDate "2018.10.10"]
[SourceVersion "1"]
[SourceVersionDate "2018.10.10"]
[SourceQuality "1"]
[WhiteTeam "Kolin SK Sokol"]
[BlackTeam "Praha Bohemians"]
[WhiteTeamCountry "CZE"]
[BlackTeamCountry "CZE"]

1. e4 e5 2. Nf3 Nc6 3. Bb5 a6 4. Ba4 Nf6 5. 0-0 Be7 6. d3 b5 7. Bb3 d6 8. a3 0-0 9. Re1 Bg4 10. c3 Na5 11. Ba2 c5 12. Nbd2 Qc7 13. h3 Bh5 14. Nf1 c4 15. Ng3 Bg6 16. Nh4 Rad8 17. d4 Nc6 18. d5 Na5 19. Nhf5 Ne8 20. h4 Bf6 21. h5 Bxf5 22. Nxf5 g6 23. Nh6+ Kh8 24. Ng4 Be7 25. hxg6 fxg6 26. Bh6 Rf7 27. Re3 Nf6 28. Nxf6 Bxf6 29. Rh3 Qd7 30. Qd2 Nb7 31. Bb1 Rb8 32. Bc2 Nc5 33. Rf1 Bg7 34. Be3 1/2-1/2

[Event "CZE-chT2 9899"]
[Site "Czech Republic"]
[Date "1999.??.??"]
[Round "?"]
[White "Drbohlav, Frantisek"]
[Black "Gregor, Josef"]
[Result "1-0"]
[WhiteElo "2265"]
[BlackElo "2205"]
[PlyCount "75"]
[EventDate "1998.??.??"]
[EventType "team-tourn"]
[EventRounds "11"]
[EventCountry "CZE"]
[SourceTitle "EXT 2000"]
[Source "ChessBase"]
[SourceDate "1999.11.16"]
[SourceVersion "1"]
[SourceVersionDate "1999.11.16"]
[SourceQuality "1"]

1. e4 c6 2. d4 d5 3. Nc3 g6 4. h3 dxe4 5. Nxe4 Bg7 6. Nf3 Nd7 7. Bc4 Ngf6 8. Nxf6+ Nxf6 9. 0-0 b5 10. Bb3 0-0 11. Bf4 Nd5 12. Be5 f6 13. Bg3 Be6 14. Qe2 Bf7 15. a4 a6 16. Rfe1 Re8 17. a5 Rc8 18. c3 c5 19. dxc5 Rxc5 20. Nd2 e5 21. Ne4 Rc6 22. Rad1 f5 23. Ng5 Qxg5 24. Bxd5 Bxd5 25. Rxd5 Rc4 26. Red1 Ra4 27. h4 Qf6 28. Qd2 f4 29. Bh2 Qxh4 30. Rd7 Qg4 31. b3 Rd4 32. Rxg7+ Kxg7 33. cxd4 f3 34. Bg3 fxg2 35. dxe5 Re7 36. Kxg2 Rf7 37. Qd4 Qf3+ 38. Kg1 1-0

[Event "CZE-chT2 9899"]
[Site "Czech Republic"]
[Date "1998.??.??"]
[Round "?"]
[White "Drbohlav, Frantisek"]
[Black "Hitzgerova, Gabriela"]
[Result "1/2-1/2"]
[WhiteElo "2265"]
[BlackElo "2170"]
[PlyCount "82"]
[EventDate "1998.??.??"]
[EventType "team-tourn"]
[EventRounds "11"]
[EventCountry "CZE"]
[SourceTitle "EXT 2000"]
[Source "ChessBase"]
[SourceDate "1999.11.16"]
[SourceVersion "1"]
[SourceVersionDate "1999.11.16"]
[SourceQuality "1"]

1. e4 c5 2. Nc3 Nc6 3. Nge2 d6 4. d4 cxd4 5. Nxd4 Nf6 6. Bg5 e6 7. Qd2 a6 8. 0-0-0 Bd7 9. f3 h5 10. Kb1 Rc8 11. Nxc6 Bxc6 12. Ne2 Qc7 13. Nd4 Bd7 14. Bd3 b5 15. Rhe1 Be7 16. f4 Qb6 17. Nf3 Bc6 18. e5 Bxf3 19. gxf3 dxe5 20. fxe5 Nd5 21. Bxe7 Nxe7 22. Be4 Rd8 23. Qg5 g6 24. h4 Qc7 25. Rxd8+ Qxd8 26. Qg1 Nd5 27. Rd1 Qxh4 28. Qc5 Qe7 29. Qc8+ Qd8 30. Qc6+ Qd7 31. Bxd5 exd5 32. Qa8+ Qd8 33. Qxa6 Qd7 34. Qa8+ Qd8 35. Qc6+ Kf8 36. Rxd5 Qe7 37. Qxb5 h4 38. Qe2 h3 39. Rd1 Qg5 40. Qh2 Qg2 41. Qh1 Qg3 1/2-1/2

[Event "CZE-chT2 9899"]
[Site "Czech Republic"]
[Date "1998.??.??"]
[Round "?"]
[White "Kucera, Petr"]
[Black "Drbohlav, Frantisek"]
[Result "1-0"]
[WhiteElo "2365"]
[BlackElo "2265"]
[PlyCount "127"]
[EventDate "1998.??.??"]
[EventType "team-tourn"]
[EventRounds "11"]
[EventCountry "CZE"]
[SourceTitle "EXT 2000"]
[Source "ChessBase"]
[SourceDate "1999.11.16"]
[SourceVersion "1"]
[SourceVersionDate "1999.11.16"]
[SourceQuality "1"]

1. e4 c5 2. Nf3 d6 3. Bb5+ Bd7 4. Bxd7+ Qxd7 5. 0-0 Nc6 6. c4 Nf6 7. Nc3 g6 8. d4 cxd4 9. Nxd4 Bg7 10. Nc2 0-0 11. b3 a6 12. Qe2 Rab8 13. a4 Qc7 14. Rb1 e6 15. Rd1 Rfe8 16. Bf4 Ne5 17. Qd2 Red8 18. Bg5 Rd7 19. h3 Nc6 20. Bf4 Rbd8 21. Qe3 Na5 22. g4 Rc8 23. Rd3 Ne8 24. Bg3 Qc6 25. f3 b6 26. Bf2 Rb8 27. g5 Nc7 28. Nd4 Qb7 29. f4 Nc6 30. Nde2 Nb4 31. Rd2 Ne8 32. Rbd1 Qc6 33. f5 exf5 34. exf5 Be5 35. Nd4 Qb7 36. Nf3 Bg7 37. f6 Bf8 38. Bg3 Nc7 39. Bxd6 Bxd6 40. Rxd6 Rxd6 41. Rxd6 Ne6 42. Ne5 Nc5 43. Qd2 Qc7 44. Nd5 Nxd5 45. Qxd5 Nxb3 46. Rd7 Qc5+ 47. Qxc5 Nxc5 48. Rxf7 Rb7 49. Re7 Kf8 50. Rxb7 Nxb7 51. Nd7+ Kf7 52. Nxb6 Nc5 53. Kg2 h6 54. gxh6 Kxf6 55. Kf3 Kf7 56. Kf4 Kg8 57. Ke5 Kh7 58. Kd5 Nd3 59. c5 Kxh6 60. c6 Nb4+ 61. Kd6 Nxc6 62. Kxc6 Kh5 63. Nd5 g5 64. Nf6+ 1-0

[Event "CZE-chT2 9798"]
[Site "Czech Republic"]
[Date "1998.??.??"]
[Round "6.2"]
[White "Tichy, Vladimir"]
[Black "Drbohlav, Frantisek"]
[Result "1-0"]
[WhiteElo "2335"]
[BlackElo "2265"]
[PlyCount "101"]
[EventDate "1997.??.??"]
[EventType "team-tourn"]
[EventRounds "11"]
[EventCountry "CZE"]
[SourceTitle "EXT 1999"]
[Source "ChessBase"]
[SourceDate "1998.11.16"]
[SourceVersion "1"]
[SourceVersionDate "1998.11.16"]
[SourceQuality "1"]

1. d4 Nf6 2. c4 g6 3. Nc3 Bg7 4. e4 d6 5. Nf3 0-0 6. Be2 e5 7. d5 Na6 8. 0-0 Nh5 9. Ne1 Nf4 10. Nd3 Nxd3 11. Bxd3 f5 12. exf5 gxf5 13. f4 e4 14. Be2 c5 15. Be3 Nc7 16. Qd2 Qe8 17. a3 Qg6 18. b4 b6 19. bxc5 bxc5 20. Rab1 Bf6 21. Rb3 Kh8 22. Rfb1 Rg8 23. Bf1 Qg7 24. Nd1 Ba6 25. Bf2 Bd4 26. Rg3 Qf6 27. Rxg8+ Rxg8 28. Ne3 Qg6 29. g3 h5 30. Bh3 Bc8 31. Rb8 h4 32. Rxc8 Rxc8 33. Bxf5 Bxe3 34. Qc3+ Qg7 35. Qxg7+ Kxg7 36. Bxc8 Bc1 37. Bxc5 Nxd5 38. Bxd6 Nb6 39. Ba6 Be3+ 40. Kf1 hxg3 41. hxg3 Na4 42. Bb7 Nc5 43. Bd5 Kf6 44. Ke2 Bd4 45. g4 a5 46. Bc7 a4 47. Bxe4 Bb2 48. Bc2 Bxa3 49. Bd6 Ke6 50. Bxc5 Bxc5 51. Bxa4 1-0

[Event "CZE-chT 9798"]
[Site "Czech Republic"]
[Date "1997.11.16"]
[Round "2"]
[White "Drbohlav, Frantisek"]
[Black "Suran, Jan"]
[Result "1/2-1/2"]
[WhiteElo "2270"]
[BlackElo "2280"]
[PlyCount "65"]
[EventDate "1997.11.15"]
[EventType "team-tourn"]
[EventRounds "11"]
[EventCountry "CZE"]
[SourceTitle "EXT 2019"]
[Source "ChessBase"]
[SourceDate "2018.10.10"]
[SourceVersion "1"]
[SourceVersionDate "2018.10.10"]
[SourceQuality "1"]
[WhiteTeam "Kolin SK Sokol"]
[BlackTeam "Praha Mladi"]
[WhiteTeamCountry "CZE"]
[BlackTeamCountry "CZE"]

1. e4 c5 2. Nc3 Nc6 3. Nge2 e6 4. g3 Nf6 5. Bg2 Be7 6. 0-0 0-0 7. d3 Rb8 8. h3 b5 9. a3 a5 10. f4 d5 11. e5 Nd7 12. g4 b4 13. axb4 axb4 14. Na4 Ra8 15. Be3 Ba6 16. g5 Qc7 17. Ng3 b3 18. c4 dxc4 19. Nh5 Rfd8 20. Nxg7 Kxg7 21. Qh5 Nf8 22. f5 exf5 23. Rxf5 Nxe5 24. Raf1 Bd6 25. g6 fxg6 26. Qh6+ Kh8 27. Bg5 Be7 28. Rf7 Nxf7 29. Rxf7 Qe5 30. Rxe7 Qd4+ 31. Be3 Qf6 32. Bg5 Qd4+ 33. Be3 1/2-1/2

[Event "CZE-chT 9697"]
[Site "Czech Republic"]
[Date "1997.??.??"]
[Round "10"]
[White "Novotny, Jaroslav"]
[Black "Drbohlav, Frantisek"]
[Result "0-1"]
[WhiteElo "2235"]
[BlackElo "2240"]
[PlyCount "84"]
[EventDate "1996.??.??"]
[EventType "team-tourn"]
[EventRounds "11"]
[EventCountry "CZE"]
[SourceTitle "EXT 2019"]
[Source "ChessBase"]
[SourceDate "2018.10.10"]
[SourceVersion "1"]
[SourceVersionDate "2018.10.10"]
[SourceQuality "1"]
[WhiteTeam "Grygov A64 Valoz"]
[BlackTeam "Kolin SK Sokol"]
[WhiteTeamCountry "CZE"]
[BlackTeamCountry "CZE"]

1. e4 c5 2. Nf3 d6 3. d4 cxd4 4. Nxd4 Nf6 5. Nc3 Nc6 6. Bg5 e6 7. Qd2 a6 8. 0-0-0 h6 9. Be3 Be7 10. f3 Nxd4 11. Bxd4 e5 12. Be3 Be6 13. g4 Qa5 14. Kb1 Rc8 15. Nd5 Qxd2 16. Nxf6+ Bxf6 17. Rxd2 Rc6 18. Be2 Bg5 19. Bxg5 hxg5 20. h3 Ke7 21. c3 g6 22. Bd3 Rcc8 23. Bc2 Rcf8 24. Bb3 Bxb3 25. axb3 f5 26. gxf5 gxf5 27. Rg2 Rh5 28. Rg3 Kf6 29. Kc2 Ke6 30. Kd3 fxe4+ 31. Kxe4 d5+ 32. Ke3 Kf5 33. Rg4 Rf6 34. h4 Rb6 35. b4 d4+ 36. Kd3 dxc3 37. bxc3 Rbh6 38. Rhg1 gxh4 39. Rh1 h3 40. Rh2 Rh4 41. Rg8 Rg6 42. Rb8 Kf4 0-1

[Event "CZE-chT2 9798"]
[Site "Czech Republic"]
[Date "1997.??.??"]
[Round "4.1"]
[White "Ptacnikova, Lenka"]
[Black "Drbohlav, Frantisek"]
[Result "1/2-1/2"]
[WhiteElo "2280"]
[BlackElo "2265"]
[PlyCount "29"]
[EventDate "1997.??.??"]
[EventType "team-tourn"]
[EventRounds "11"]
[EventCountry "CZE"]
[SourceTitle "EXT 1999"]
[Source "ChessBase"]
[SourceDate "1998.11.16"]
[SourceVersion "1"]
[SourceVersionDate "1998.11.16"]
[SourceQuality "1"]

1. e4 c5 2. Nf3 d6 3. d4 Nf6 4. Nc3 cxd4 5. Nxd4 Nc6 6. Be3 Ng4 7. Bb5 Nxe3 8. fxe3 Bd7 9. 0-0 e6 10. Bxc6 bxc6 11. Qf3 Qf6 12. Qe2 Qd8 13. Qf3 Qf6 14. Qe2 Qd8 15. Qf3 1/2-1/2

[Event "CZE-chT2 9798"]
[Site "Czech Republic"]
[Date "1997.??.??"]
[Round "3.2"]
[White "Reznicek, Tomas"]
[Black "Drbohlav, Frantisek"]
[Result "1/2-1/2"]
[WhiteElo "2295"]
[BlackElo "2265"]
[PlyCount "90"]
[EventDate "1997.??.??"]
[EventType "team-tourn"]
[EventRounds "11"]
[EventCountry "CZE"]
[SourceTitle "EXT 1999"]
[Source "ChessBase"]
[SourceDate "1998.11.16"]
[SourceVersion "1"]
[SourceVersionDate "1998.11.16"]
[SourceQuality "1"]

1. e4 c5 2. Nf3 d6 3. d4 Nf6 4. Nc3 cxd4 5. Nxd4 Nc6 6. Be3 Ng4 7. Bb5 Nxe3 8. fxe3 Bd7 9. 0-0 e6 10. Bxc6 bxc6 11. Qf3 Qf6 12. Qe2 Qd8 13. Qf3 Qf6 14. Qxf6 gxf6 15. Rxf6 Bg7 16. Rf3 Rb8 17. b3 c5 18. Nde2 Bc6 19. Rh3 Ke7 20. Rf1 Be5 21. Rh4 a5 22. Rf3 a4 23. Kf2 c4 24. Nd4 Bxd4 25. exd4 cxb3 26. cxb3 axb3 27. axb3 Rxb3 28. d5 Bd7 29. Ne2 Rb2 30. Re3 Bb5 31. Kf3 Bxe2+ 32. Rxe2 Rxe2 33. Kxe2 exd5 34. exd5 Rg8 35. Kf3 Rg5 36. Rxh7 Rxd5 37. g4 Kf6 38. Ke4 Rd1 39. Rh5 d5+ 40. Kf4 d4 41. Rh6+ Kg7 42. Kg5 d3 43. Rd6 Rh1 44. h4 Rh3 45. h5 Kh7 1/2-1/2

[Event "Pardubice KB op"]
[Site "Pardubice"]
[Date "1996.??.??"]
[Round "4"]
[White "Drbohlav, Frantisek"]
[Black "Hadraba, Vladimir"]
[Result "0-1"]
[WhiteElo "2170"]
[BlackElo "2275"]
[PlyCount "54"]
[EventDate "1996.07.??"]
[EventType "swiss"]
[EventRounds "9"]
[EventCountry "CZE"]
[SourceTitle "CBM 055 Extra"]
[Source "ChessBase"]
[SourceDate "1997.01.01"]
[SourceVersion "1"]
[SourceVersionDate "1997.01.01"]
[SourceQuality "1"]

1. e4 c5 2. Nc3 Nc6 3. Nf3 e6 4. d4 cxd4 5. Nxd4 Qc7 6. Be3 a6 7. Bd3 Nf6 8. 0-0 Be7 9. Kh1 0-0 10. f4 d6 11. Qf3 Bd7 12. Nb3 b5 13. g4 g6 14. g5 Nh5 15. Qh3 Nb4 16. a3 Nxd3 17. cxd3 a5 18. Nd4 b4 19. Nce2 Qb7 20. Qf3 e5 21. Nc2 b3 22. f5 bxc2 23. f6 Bd8 24. Nc3 Be6 25. Nd5 Bxd5 26. exd5 a4 27. Bd2 Ba5 0-1